00679nam a2200181 i 4500001000700000003000900007005001700016007000300033008004100036100002800077245009900105260006300204300002100267651003700288852003200325999001900357952012100376140898ES-MaACL20230906200157.0t|070918s1984 ch ||||1| eng d1 aYin, Ching-Yao.911763710aRed China's relations with the Soviet Union b: evolutions and prospects / cby Ching-yao Yin. a[Taipei] : bAsian Peoples' Anti-Communist League, c1984. a83 p. ; c18 cm. 4aChina-xRelaciones-yURSS.98061 aES-MaACLjL-5995 bR.106842 c140898d140898 00104070aATENEOMbATENEOMcDEPO2d2008-01-17eSCl0oL-5995p1146613r2023-02-23 00:00:00w2023-02-23yMONOGRAFIA